<The> increasing international role of the Japanese yen

Štúdia expertov MMF o zvýšenom uplatnení japonského yenu v medzinárodných finančných vzťahoch. Dôvody pretvárania yenu na medzinárodné platidlo a japonská finančná a obchodná politika v tomto smere.

Salvato in:
Dettagli Bibliografici
Natura: Capitolo di libro
Lingua:inglese
Soggetti:
Tags: Aggiungi Tag
Nessun Tag, puoi essere il primo ad aggiungerne!!

MARC

LEADER 00000naa a2200000 4500
001 r004533
005 20221213084143.8
041 0 |a eng 
044 |a US 
245 1 0 |a <The> increasing international role of the Japanese yen 
520 |a Štúdia expertov MMF o zvýšenom uplatnení japonského yenu v medzinárodných finančných vzťahoch. Dôvody pretvárania yenu na medzinárodné platidlo a japonská finančná a obchodná politika v tomto smere. 
610 2 0 |a mena 
610 2 0 |a Japonsko 
610 2 0 |a Medzinárodný menový fond 
610 2 0 |a politika obchodná 
610 2 0 |a politika finančná 
610 2 0 |a jen